000 00877nam a2200217Ii 4500
003 JO-AjNU
005 20240113122252.0
008 230605s9999||||xx |||||||||||||| ||und||
040 _aJO-AjNU
_bara
_erda
_cJO-AjNU
041 _aara
050 1 4 _aZ6611.K65.887
100 3 _aالمجمع الملكي البحوث الحضارة الاسلامية ,
_eauthor
_945276
245 0 0 _aالفهرس الشامل للتراث المخطوط القران وعلومه(2) التجويد، مج1
264 3 1 _aعمان : مؤسسة ال البيت المجمع الملكي لبحوث الحضارة الاسلامية
300 _aج1، 300ص
336 _atext
_btxt
_2rdacontent
337 _aunmediated
_bn
_2rdamedia
338 _avolume
_bnc
_2rdacarrier
650 4 _aالمصاحف-المخطوطات-القران-ببلوغرافيا -فهارس
_945277
942 _2lcc
_cREF
999 _c23181
_d23181